[Event "ARG-ch U14"]
[Site "Capilla del Monte"]
[Date "2016.05.23"]
[Round "6.4"]
[White "Koncurat, Tomas"]
[Black "Rillo Badano, Manuel"]
[Result "1/2-1/2"]
[WhiteElo "1518"]
[BlackElo "1756"]
[PlyCount "65"]
[EventDate "2016.05.21"]
[EventType "tourn"]
[EventRounds "9"]
[EventCountry "ARG"]
[SourceTitle "EXT 2024"]
[Source "ChessBase"]
[SourceDate "2023.10.10"]
[SourceVersion "1"]
[SourceVersionDate "2023.10.10"]
[SourceQuality "1"]

1. e4 e6 2. d3 d5 3. Nd2 Nf6 4. Ngf3 Nc6 5. g3 dxe4 6. dxe4 e5 7. h3 Bc5 8. Bg2 a5 9. 0-0 0-0 10. c3 b6 11. Qc2 Ba6 12. Re1 Qe7 13. Nb3 Rfd8 14. Nxc5 Qxc5 15. Be3 Qe7 16. Rad1 Rxd1 17. Rxd1 Rd8 18. Rxd8+ Qxd8 19. c4 Nb4 20. Qb3 Qd6 21. Nd2 Qd3 22. Qxd3 Nxd3 23. b3 Nd7 24. Bf1 Nb4 25. a3 Nc2 26. a4 Nxe3 27. fxe3 c5 28. Kf2 g6 29. Bg2 Bb7 30. h4 Nb8 31. Bf3 Nc6 32. Ke2 Nb4 33. Kf2 1/2-1/2

[Event "ARG-ch sf U14"]
[Site "Villaguay"]
[Date "2016.02.27"]
[Round "8"]
[White "Veliz, Ariel"]
[Black "Rillo Badano, Manuel"]
[Result "1/2-1/2"]
[WhiteElo "1754"]
[BlackElo "1758"]
[PlyCount "28"]
[EventDate "2016.02.23"]
[EventType "swiss"]
[EventRounds "8"]
[EventCountry "ARG"]
[SourceTitle "EXT 2017"]
[Source "ChessBase"]
[SourceDate "2016.10.25"]
[SourceVersion "1"]
[SourceVersionDate "2016.10.25"]
[SourceQuality "1"]

1. Nf3 Nf6 2. b3 g6 3. Bb2 Bg7 4. e3 d6 5. d4 0-0 6. Be2 Nbd7 7. 0-0 e5 8. c4 Re8 9. dxe5 Ng4 10. Nc3 Ngxe5 11. Rb1 Nxf3+ 12. Bxf3 Ne5 13. Be2 Nc6 14. Nd5 Bf5 1/2-1/2

[Event "ARG-ch sf U14"]
[Site "Villaguay"]
[Date "2016.02.26"]
[Round "6"]
[White "Rillo Badano, Manuel"]
[Black "Kapitanchuk, Tomas"]
[Result "0-1"]
[WhiteElo "1758"]
[BlackElo "1994"]
[PlyCount "64"]
[EventDate "2016.02.23"]
[EventType "swiss"]
[EventRounds "8"]
[EventCountry "ARG"]
[SourceTitle "EXT 2017"]
[Source "ChessBase"]
[SourceDate "2016.10.25"]
[SourceVersion "1"]
[SourceVersionDate "2016.10.25"]
[SourceQuality "1"]

1. d4 Nf6 2. Nf3 e6 3. c4 c5 4. e3 d5 5. Nc3 Nc6 6. Be2 Be7 7. 0-0 0-0 8. a3 b6 9. b3 dxc4 10. bxc4 Ba6 11. Bb2 Rc8 12. Nb5 cxd4 13. exd4 Bxb5 14. cxb5 Na5 15. Ne5 Nd5 16. Rc1 Bg5 17. Rxc8 Qxc8 18. Bf3 Qc7 19. Bxd5 exd5 20. f4 Bf6 21. Qd3 Nc4 22. Nxc4 dxc4 23. Qe3 Qd7 24. a4 Re8 25. Qd2 Qd5 26. Rd1 Re4 27. g3 h5 28. Bc3 Re6 29. Bb2 h4 30. Rc1 hxg3 31. hxg3 Qf3 32. Rc3 Bxd4+ 0-1

[Event "ARG-ch sf U14"]
[Site "Villaguay"]
[Date "2016.02.25"]
[Round "5"]
[White "Rillo Badano, Manuel"]
[Black "Koncurat, Tomas"]
[Result "1-0"]
[WhiteElo "1758"]
[BlackElo "1414"]
[PlyCount "73"]
[EventDate "2016.02.23"]
[EventType "swiss"]
[EventRounds "8"]
[EventCountry "ARG"]
[SourceTitle "EXT 2017"]
[Source "ChessBase"]
[SourceDate "2016.10.25"]
[SourceVersion "1"]
[SourceVersionDate "2016.10.25"]
[SourceQuality "1"]

1. d4 Nf6 2. Nf3 g6 3. e3 Bg7 4. c4 0-0 5. Nc3 d6 6. Be2 Nbd7 7. 0-0 Re8 8. a3 e5 9. b4 e4 10. Nd2 Nf8 11. Bb2 h5 12. Rc1 Bf5 13. Rc2 h4 14. d5 h3 15. g3 g5 16. Nb5 g4 17. Bxf6 Bxf6 18. Bxg4 Bd7 19. Bxd7 Qxd7 20. Nc3 Bxc3 21. Rxc3 Qf5 22. Qe2 Ng6 23. Nb3 Qf6 24. Nd4 Ne5 25. Rc2 Nf3+ 26. Nxf3 exf3 27. Qd3 Re5 28. Rd1 Rae8 29. Rcc1 Qg5 30. Re1 Re4 31. Rcd1 f5 32. Qf1 Qh6 33. Rc1 Rxe3 34. fxe3 Rxe3 35. Qf2 Re2 36. Rxe2 Qxc1+ 37. Re1 1-0

[Event "South America-ch U12 11th"]
[Site "Montevideo"]
[Date "2014.09.09"]
[Round "2"]
[White "Rillo Badano, Manuel"]
[Black "Sousa, Alvaro Cristiano Mi"]
[Result "1/2-1/2"]
[WhiteElo "1404"]
[BlackElo "1699"]
[PlyCount "55"]
[EventDate "2014.09.08"]
[EventType "swiss"]
[EventRounds "9"]
[EventCountry "URU"]
[SourceTitle "EXT 2016"]
[Source "ChessBase"]
[SourceDate "2015.10.08"]
[SourceVersion "1"]
[SourceVersionDate "2015.10.08"]
[SourceQuality "1"]

1. d4 Nf6 2. e4 e6 3. Nc3 d5 4. Nf3 Bb4 5. Bg5 h6 6. Bxf6 Qxf6 7. a3 Bxc3+ 8. bxc3 c6 9. exd5 exd5 10. Bd3 Bg4 11. Be2 Bxf3 12. Bxf3 Nd7 13. 0-0 0-0 14. Rb1 Nb6 15. Be2 Rfc8 16. a4 Rc7 17. Qe1 Rb8 18. Rb2 Nc8 19. Rb1 Nd6 20. Bd3 c5 21. Qd2 Rbc8 22. h3 cxd4 23. cxd4 b6 24. a5 bxa5 25. Qxa5 Ne4 26. Bxe4 dxe4 27. Rb8 Qd8 28. Rb5 1/2-1/2